书目信息 |
| 题名: |
塑料门窗工程
|
|
| 作者: | 卢少忠 , 卢晓晔 , 胡淑芬 编著 | |
| 分册: | ||
| 出版信息: | 北京 中国建材工业出版社 2005.3 |
|
| 页数: | 12,542页 | |
| 开本: | 26cm | |
| 丛书名: | 新型化学建材系列丛书 | |
| 单 册: | ||
| 中图分类: | TU532 | |
| 科图分类: | ||
| 主题词: | 塑料制品--su liao zhi pin--门 , 塑料制品--su liao zhi pin , 门--men , 塑料制品--su liao zhi pin--窗 , 窗--chuang | |
| 电子资源: | ||
| ISBN: | 7-80159-785-0 | |
| 000 | 01137nam 2200325 450 | |
| 001 | CAL 012006008032 | |
| 005 | 20061113154023.64 | |
| 010 | @a7-80159-785-0@dCNY63.00 | |
| 100 | @a20061012d2005 em y0chiy0120 ea | |
| 101 | 0 | @achi |
| 102 | @aCN@b110000 | |
| 105 | @aa a 000yy | |
| 200 | 1 | @a塑料门窗工程@Asu liao men chuang gong cheng@e性能·生产·安装@f卢少忠, 卢晓晔, 胡淑芬编著 |
| 210 | @a北京@c中国建材工业出版社@d2005.3 | |
| 215 | @a12,542页@c图@d26cm | |
| 225 | 2 | @a新型化学建材系列丛书@Axin xing hua xue jian cai xi lie cong shu |
| 320 | @a有书目 (第542页) | |
| 330 | @a本书重点阐述了塑料门窗的性能与应用, 同时详述了塑料门窗使用的三大过程和知识要点, 并始终将这三大过程紧密相连, 互相贯通。 | |
| 410 | 0 | @12001 @a新型化学建材系列丛书 |
| 606 | 0 | @a塑料制品@Asu liao zhi pin@x门 |
| 606 | 0 | @a塑料制品@Asu liao zhi pin |
| 606 | 0 | @a门@Amen |
| 606 | 0 | @a塑料制品@Asu liao zhi pin@x窗 |
| 606 | 0 | @a窗@Achuang |
| 690 | @aTU532@v4 | |
| 701 | 0 | @a卢少忠@Alu shao zhong@4编著 |
| 701 | 0 | @a卢晓晔@Alu xiao ye@4编著 |
| 701 | 0 | @a胡淑芬@Ahu shu fen@4编著 |
| 801 | 0 | @aCN@c20061113 |
| 905 | @a10447@dTU532@eL789 | |
| 塑料门窗工程:性能·生产·安装/卢少忠, 卢晓晔, 胡淑芬编著.-北京:中国建材工业出版社,2005.3 |
| 12,542页:图;26cm.-(新型化学建材系列丛书) |
| ISBN 7-80159-785-0:CNY63.00 |
| 本书重点阐述了塑料门窗的性能与应用, 同时详述了塑料门窗使用的三大过程和知识要点, 并始终将这三大过程紧密相连, 互相贯通。 |
| ● |
| 相关链接 |
|
|
|
正题名:塑料门窗工程
索取号:TU532/L789
 
预约/预借
| 序号 | 登录号 | 条形码 | 馆藏地/架位号 | 状态 | 备注 |
| 1 | 636514 | 206365146 | 建筑库201/201建筑库 9排1列4层/ [索取号:TU532/L789] | 在馆 |